Normal view MARC view
  • Macmillan & co

Entry Corporate Name

Number of records used in: 1

001 - CONTROL NUMBER

  • control field: 49590

003 - CONTROL NUMBER IDENTIFIER

  • control field: NUST

005 - DATE AND TIME OF LATEST TRANSACTION

  • control field: 20210314134400.0

008 - FIXED-LENGTH DATA ELEMENTS

  • fixed length control field: 210314|| aca||aabn | a|a d

040 ## - CATALOGING SOURCE

  • Original cataloging agency: NUST
  • Transcribing agency: NUST

110 ## - HEADING--CORPORATE NAME

  • Corporate name or jurisdiction name as entry element: Macmillan & co

670 ## - SOURCE DATA FOUND

  • Source citation: Work cat.: (NUST): Macmillan & co, Military operation france and belgium 1915 (Map)
© 2023 Central Library, National University of Sciences and Technology. All Rights Reserved.